NorthStar. 3, Reading and writing / (Record no. 6523)

MARC details
000 -LEADER
fixed length control field 00596nam a22001937a 4500
003 - CONTROL NUMBER IDENTIFIER
control field OSt
005 - DATE AND TIME OF LATEST TRANSACTION
control field 20240229071655.0
008 - FIXED-LENGTH DATA ELEMENTS--GENERAL INFORMATION
fixed length control field 240229b |||||||| |||| 00| 0 eng d
020 ## - INTERNATIONAL STANDARD BOOK NUMBER
International Standard Book Number 9780136133681
040 ## - CATALOGING SOURCE
Transcribing agency n
082 ## - DEWEY DECIMAL CLASSIFICATION NUMBER
Classification number 428.24 B354 2008
100 ## - MAIN ENTRY--PERSONAL NAME
Personal name Barton, Laurie
245 ## - TITLE STATEMENT
Title NorthStar. 3, Reading and writing /
Statement of responsibility, etc. Laurie BartonCarolyn Dupaquier
250 ## - EDITION STATEMENT
Edition statement 3rd ed.
260 ## - PUBLICATION, DISTRIBUTION, ETC.
Name of publisher, distributor, etc. White Plains, NY : Pearson Education,2009.
300 ## - PHYSICAL DESCRIPTION
Extent xxii, 220 pages : color illustrations ; 26 cm
650 ## - SUBJECT ADDED ENTRY--TOPICAL TERM
Geographic subdivision English language—Study and teaching—Foreign speakers
942 ## - ADDED ENTRY ELEMENTS (KOHA)
Source of classification or shelving scheme Dewey Decimal Classification
Koha item type English Book
Suppress in OPAC No
Holdings
Withdrawn status Lost status Source of classification or shelving scheme Damaged status Not for loan Home library Current library Date acquired Total Checkouts Full call number Barcode Date last seen Price effective from Koha item type
    Dewey Decimal Classification     CENTRAL CENTRAL 02/29/2024   428.24 B354 2008 1000000015741 02/29/2024 02/29/2024 English Book